| 000 | 01084nam a22002897a 4500 | ||
|---|---|---|---|
| 001 | 5139 | ||
| 003 | FISKH | ||
| 005 | 20241107123234.0 | ||
| 008 | 241107b cb ||||| |||| 00| 0 eng d | ||
| 020 | _a9781407104256 | ||
| 040 |
_aFISKH _beng _cFISKH _dFISKH |
||
| 050 | _aPS430 | ||
| 082 | _a972.018 | ||
| 100 | _aDeary, Terry | ||
| 245 |
_aAngry Aztecs / _cby Terry Deary : illustrated by Martin Brown |
||
| 260 |
_aNew York : _bScholastic ; _c1997 . |
||
| 300 |
_a138 pages : _billustrations ; _c21 cm . |
||
| 490 | _aHorrible Histories | ||
| 505 | _aW | ||
| 520 | _aDiscover all the cut-throat facts about the Angry Aztecs with history's most horrible headlines: Aztec edition. Jump into Aztec life with Terry Deary, the master of making history fun. Discover why the Aztecs liked to eat scum, when the world is going to end and why they loved drinking wine with live toads in. | ||
| 521 | 8 |
_a870
_bLexile |
|
| 521 | 8 |
_aW
_bRaz-Plus |
|
| 650 |
_ahistory _vnon-fiction |
||
| 700 |
_aBrown, Martin _eillustrator |
||
| 942 |
_2ddc _cBK _n0 |
||
| 999 |
_c5139 _d5139 |
||